Numerical analysis (Record no. 217741)
[ view plain ]
| 000 -LEADER | |
|---|---|
| fixed length control field | 01594 a2200253 4500 |
| 003 - CONTROL NUMBER IDENTIFIER | |
| control field | Nust |
| 005 - DATE AND TIME OF LATEST TRANSACTION | |
| control field | 20221129111616.0 |
| 010 ## - LIBRARY OF CONGRESS CONTROL NUMBER | |
| LC control number | 96027594 |
| 020 ## - INTERNATIONAL STANDARD BOOK NUMBER | |
| International Standard Book Number | 0534955320 |
| 040 ## - CATALOGING SOURCE | |
| Transcribing agency | Nust |
| 082 00 - DEWEY DECIMAL CLASSIFICATION NUMBER | |
| Classification number | 519.4,BUR |
| 100 1# - MAIN ENTRY--PERSONAL NAME | |
| Personal name | Burden, Richard L. |
| 9 (RLIN) | 7191 |
| 245 10 - TITLE STATEMENT | |
| Title | Numerical analysis |
| Statement of responsibility, etc. | Richard L. Burden, J. Douglas Faires. |
| 250 ## - EDITION STATEMENT | |
| Edition statement | 6th ed. |
| 260 ## - PUBLICATION, DISTRIBUTION, ETC. | |
| Place of publication, distribution, etc. | Pacific Grove, CA : |
| Name of publisher, distributor, etc. | Brooks/Cole Pub. Co., |
| Date of publication, distribution, etc. | c1997. |
| 300 ## - PHYSICAL DESCRIPTION | |
| Extent | xiii, 811 p. : |
| Other physical details | ill. (some col.) ; |
| Dimensions | 25 cm. + |
| Accompanying material | 1 computer disk (3 1/2 in.) |
| 505 ## - FORMATTED CONTENTS NOTE | |
| Formatted contents note | Mathematical Preliminaries (Page -1), Solutions of Equations in One Variable (Page-47), Interpolation and Polynomial Approximation (Page-104), Numerical Differentiation and Integration (Page-167), Initial Value Problems for Ordinary Differential Equations (Page-252), Direct Methods for Solving Linear Systems (Page-350), Iterative Techniques in Matrix Algebra (Page-423), Approximation Theory (Page-473), Approximating Eigen values (Page-539), Numerical Solutions of Nonlinear Systems of Equations (Page-588), Boundary Value Problems for Ordinary Differential Equations( Page-624), Numerical Solutions to partial Differential Equations (Page-670). |
| 650 #0 - SUBJECT ADDED ENTRY--TOPICAL TERM | |
| Topical term or geographic name entry element | Numerical analysis. |
| 9 (RLIN) | 103 |
| 700 1# - ADDED ENTRY--PERSONAL NAME | |
| Personal name | Faires, J. Douglas. |
| 9 (RLIN) | 7190 |
| 856 42 - ELECTRONIC LOCATION AND ACCESS | |
| Materials specified | Contributor biographical information |
| Uniform Resource Identifier | <a href="http://www.loc.gov/catdir/enhancements/fy1515/96027594-b.html">http://www.loc.gov/catdir/enhancements/fy1515/96027594-b.html</a> |
| 856 42 - ELECTRONIC LOCATION AND ACCESS | |
| Materials specified | Publisher description |
| Uniform Resource Identifier | <a href="http://www.loc.gov/catdir/enhancements/fy1515/96027594-d.html">http://www.loc.gov/catdir/enhancements/fy1515/96027594-d.html</a> |
| 856 42 - ELECTRONIC LOCATION AND ACCESS | |
| Materials specified | Table of contents only |
| Uniform Resource Identifier | <a href="http://www.loc.gov/catdir/enhancements/fy1515/96027594-t.html">http://www.loc.gov/catdir/enhancements/fy1515/96027594-t.html</a> |
| 942 ## - ADDED ENTRY ELEMENTS (KOHA) | |
| Source of classification or shelving scheme | |
| Koha item type | Book |
| Withdrawn status | Lost status | Source of classification or shelving scheme | Damaged status | Not for loan | Permanent Location | Current Location | Shelving location | Date acquired | Total Checkouts | Full call number | Barcode | Date last seen | Date last checked out | Price effective from | Koha item type | Public note |
|---|---|---|---|---|---|---|---|---|---|---|---|---|---|---|---|---|
| Military College of Signals (MCS) | Military College of Signals (MCS) | General Stacks | 12/12/2016 | 3 | 519.4, BUR | MCS5629 | 03/04/2026 | 01/22/2026 | 12/12/2016 | Book | Almirah No.14, Shelf No.3 |
